000 00365nam a22001577a 4500
003 MPLRDC
005 20220104143400.0
008 210129b ||||| |||| 00| 0 eng d
082 _a997.9 ZYM c.2
100 _a朱育民等著
245 _a游艺百宝箱
_c
260 _a
_b湖南人民出版社
_c
300 _b
650 _a
942 _cBK
_o997.9 ZYM c.2
999 _c39354
_d39344